000 nam a22 7a 4500
999 _c127075
_d127075
008 171010b xxu||||| |||| 00| 0 eng d
050 _aPS121.F4
245 _aInterpretations of American literature
_cEdited by Charles Feidelson Jr.
260 _aNew York
_bOxford University Press
_c1959
300 _a386p. ;
_c21cm.
650 _aAmerican literature
_xAddresses
_936977
700 _aFeidelson, Charles
_eed.
_936978
700 _aBrodtkorb, Paul
_eed.
_936979
942 _2lcc
_cMONOGRAPH